| 000 | 00440nam a2200181Ia 4500 | ||
|---|---|---|---|
| 008 | 180523s9999 xx 000 0 und d | ||
| 020 | _a978-1-121-53623-4 | ||
| 050 | _aMAIN HF 5549 | ||
| 050 | _b.H86 2012 | ||
| 245 | 0 | _aHuman resource management / | |
| 260 | _a[s. l.] : | ||
| 260 | _bMcGraw-Hill, | ||
| 260 | _c2012 | ||
| 300 | _a358 pages : | ||
| 300 | _billustrations ; | ||
| 300 | _c26 cm. | ||
| 650 | _aPersonnel management. | ||
| 999 |
_c357150 _d357150 |
||